| 000 | 00000nam##2200000za#4500 |
| 001 | 9.644214 |
| 003 | CaOODSP |
| 005 | 20210624224536 |
| 007 | cr ||||||||||| |
| 008 | 150407|2014||||xxc|||||o f|0| 0 fre|d |
| 040 | |aCaOODSP|bfre |
| 043 | |an-cn--- |
| 086 | 1 |aR5-31/2014F-PDF |
| 110 | 1 |aCanada. |bAffaires autochtones et développement du Nord Canada. |
| 245 | 10|aGuide à l'intention des promoteurs de projet - Affaires autochtones et Développement du Nord Canada - processus d'examen environnemental |h[ressource électronique] |
| 260 | |aOttawa - Ontario : |bAffaires autochtones et Développement du Nord Canada |c[9 avril 2014]. |
| 300 | |a44p.|bfigures en couleur, glossaire, tableaux |
| 590 | |a15-06|b2015-02-06 |
| 691 | 07|aÉvaluation environnementale|2gcpds |
| 775 | 08|tProponents' guide to Aboriginal Affairs and Northern Development Canada's environmental review process |w(CaOODSP)9.700318 |
| 856 | 40|ahttp://publications.gc.ca|qPDF|s413 Ko|uhttps://publications.gc.ca/collections/collection_2015/aadnc-aandc/R5-31-2014-fra.pdf |